000 00316nam a2200133Ia 4500
008 220216s9999 xx 000 0 und d
100 _aYoon P K
245 0 _aRRIM crown budding trials
260 _bPlanters Bulletin
_c1967
300 _a240-249
650 _aCrown budding
650 _aWind damage
942 _cJS
999 _c67362
_d67362